[Event "XVII Festival A"]
[Site "Porto San Giorgio ITA"]
[Date "2005.08.26"]
[Round "5"]
[White "Tomescu, Vlad"]
[Black "Dworakowska, Joanna"]
[Result "1-0"]
[WhiteElo "2376"]
[BlackElo "2401"]
[PlyCount "117"]
[EventDate "2005.08.22"]

1. e4 c5 2. Nf3 Nc6 3. d4 cxd4 4. Nxd4 Nf6 5. Nc3 d6 6. Bg5 e6 7. Qd2 a6 8.
O-O-O Bd7 9. f3 b5 10. Kb1 b4 11. Nxc6 Bxc6 12. Ne2 Qb6 13. Nd4 Bd7 14. g4 h6
15. Be3 Qb7 16. h4 g6 17. g5 hxg5 18. Bxg5 Nh5 19. Bh3 e5 20. Bxd7+ Qxd7 21.
Nb3 Be7 22. Qxb4 f6 23. Be3 O-O 24. Nc5 Qb5 25. Qxb5 axb5 26. Nd7 Rf7 27. Nb6
Rb8 28. Nd5 Bf8 29. Rhg1 Kh7 30. Rd3 f5 31. Rb3 fxe4 32. fxe4 Rfb7 33. c4 bxc4
34. Rxb7+ Rxb7 35. Rc1 Nf4 36. a4 Nxd5 37. exd5 Rb4 38. a5 Ra4 39. Bb6 Bg7 40.
b3 cxb3 41. Kb2 Rb4 42. Ka3 Rxh4 43. Kxb3 e4 44. a6 Rf4 45. a7 Rf8 46. Rc7 Kh6
47. Rb7 Rf3+ 48. Kb4 e3 49. a8=Q e2 50. Re7 Bc3+ 51. Kb5 e1=Q 52. Rxe1 Bxe1 53.
Qh8+ Kg5 54. Bd8+ Kg4 55. Qg8 Rb3+ 56. Kc6 Rc3+ 57. Kd7 Bg3 58. Qxg6+ Kh3 59.
Qh6+ 1-0

[Event "XVII Festival A"]
[Site "Porto San Giorgio ITA"]
[Date "2005.08.27"]
[Round "6"]
[White "Aleksic, Nenad"]
[Black "Bokros, Albert"]
[Result "1/2-1/2"]
[WhiteElo "2378"]
[BlackElo "2446"]
[PlyCount "55"]
[EventDate "2005.08.22"]

1. e4 c5 2. Nf3 Nc6 3. d4 cxd4 4. Nxd4 Nf6 5. Nc3 e5 6. Ndb5 d6 7. Bg5 a6 8.
Na3 b5 9. Bxf6 gxf6 10. Nd5 Bg7 11. g3 f5 12. Bg2 fxe4 13. Bxe4 Be6 14. Qh5 Rc8
15. c3 Ne7 16. Rd1 Nxd5 17. Bxd5 Qd7 18. Nc2 Bg4 19. Qg5 Bxd1 20. Kxd1 O-O 21.
Ne3 h6 22. Qh5 Rc5 23. Ke2 Kh8 24. g4 f5 25. gxf5 Rxd5 26. Nxd5 Rxf5 27. Qg6
Rg5 28. Qe4 1/2-1/2

[Event "XVII Festival A"]
[Site "Porto San Giorgio ITA"]
[Date "2005.08.27"]
[Round "6"]
[White "Altini, Daniele"]
[Black "Lazic, Miroljub"]
[Result "0-1"]
[WhiteElo "2280"]
[BlackElo "2485"]
[PlyCount "54"]
[EventDate "2005.08.22"]

1. Nf3 d5 2. g3 g6 3. Bg2 Bg7 4. d3 e5 5. Nbd2 h6 6. O-O Ne7 7. e4 Be6 8. exd5
Bxd5 9. Re1 Nbc6 10. Nf1 O-O 11. Bd2 Nf5 12. Ne3 Nxe3 13. Rxe3 Qd6 14. Bc3 g5
15. Nd2 Bxg2 16. Kxg2 f5 17. Qe2 b5 18. Kg1 g4 19. Re1 h5 20. f3 b4 21. Nc4 Qc5
22. Bxe5 Bxe5 23. Nxe5 Nxe5 24. Kh1 Nxf3 25. Re7 Qd5 26. Qe6+ Qxe6 27. R1xe6
Rf7 0-1

[Event "XVII Festival A"]
[Site "Porto San Giorgio ITA"]
[Date "2005.08.27"]
[Round "6"]
[White "Bruno, Fabio"]
[Black "Roos, Michael"]
[Result "1-0"]
[WhiteElo "2425"]
[BlackElo "2371"]
[PlyCount "127"]
[EventDate "2005.08.22"]

1. Nf3 g6 2. d4 Bg7 3. Bf4 d6 4. e3 Nd7 5. h3 e5 6. Bh2 Qe7 7. Be2 f5 8. c4 Nh6
9. Nc3 c6 10. c5 dxc5 11. d5 cxd5 12. Nxd5 Qd6 13. Qb3 Nf7 14. Rd1 O-O 15. Ng5
b5 16. Nxf7 Rxf7 17. Nc3 Qc6 18. Nxb5 Nb6 19. Rd8+ Bf8 20. Nd6 c4 21. Bxc4 Nxc4
22. Qxc4 Qxc4 23. Nxc4 Rd7 24. Rxd7 Bxd7 25. Bxe5 Rc8 26. b3 Bb5 27. Ke2 Bxc4+
28. bxc4 Rxc4 29. Rd1 Rc2+ 30. Rd2 Rxd2+ 31. Kxd2 Kf7 32. Kc3 Ke6 33. Bd4 a6
34. Kc4 Be7 35. f4 h5 36. Bc5 Bd8 37. Kd4 Bf6+ 38. Kc4 Bd8 39. Ba7 Be7 40. e4
fxe4 41. g4 hxg4 42. hxg4 Bd6 43. Be3 Be7 44. Kd4 Kd6 45. Kxe4 Ke6 46. Bd4 Bd8
47. Be5 Be7 48. f5+ gxf5+ 49. gxf5+ Kd7 50. Kd5 Bg5 51. Kc5 Bd8 52. Bf4 Kc8 53.
Kc6 Bf6 54. Kd6 Kb7 55. Ke6 Bc3 56. Be5 Bd2 57. f6 Kc6 58. Bd6 Bc3 59. f7 Bg7
60. a4 Bh6 61. Ba3 Kc7 62. Kf6 Kd7 63. Kg6 Ke6 64. a5 1-0

[Event "XVII Festival A"]
[Site "Porto San Giorgio ITA"]
[Date "2005.08.27"]
[Round "6"]
[White "Collutiis, Duilio"]
[Black "Farago, Ivan"]
[Result "0-1"]
[WhiteElo "2386"]
[BlackElo "2499"]
[PlyCount "68"]
[EventDate "2005.08.22"]

1. e4 e6 2. d4 d5 3. Nc3 Bb4 4. Bd3 dxe4 5. Bxe4 c5 6. Nge2 Nf6 7. Bf3 Nc6 8.
Be3 cxd4 9. Nxd4 Ne5 10. Be2 Nd5 11. Bd2 Nxc3 12. bxc3 Be7 13. O-O O-O 14. Rb1
Nd7 15. Bd3 Nc5 16. Qf3 e5 17. Nf5 e4 18. Nxe7+ Qxe7 19. Rfe1 f5 20. Qg3 Qf7
21. Qd6 b6 22. Bb5 Bb7 23. Bg5 f4 24. Rb4 Kh8 25. Be7 Rfe8 26. Bxe8 Rxe8 27.
Bd8 h6 28. Bxb6 axb6 29. Qxb6 Qd5 30. Rd4 Qe5 31. Qd6 Qg5 32. f3 Kh7 33. g3 Re5
34. Kf2 Qh5 0-1

[Event "XVII Festival A"]
[Site "Porto San Giorgio ITA"]
[Date "2005.08.27"]
[Round "6"]
[White "Csiszar, Csaba"]
[Black "Ortega, Lexy"]
[Result "1-0"]
[WhiteElo "2412"]
[BlackElo "2429"]
[PlyCount "92"]
[EventDate "2005.08.22"]

1. d4 d5 2. c4 c6 3. Nf3 Nf6 4. Nc3 e6 5. Bg5 Nbd7 6. cxd5 exd5 7. e3 Be7 8.
Bd3 O-O 9. Qc2 Re8 10. O-O g6 11. Bf4 Nf8 12. h3 Ne6 13. Bh2 Ng7 14. Rab1 a5
15. a3 Bf5 16. Ne5 Bxd3 17. Qxd3 Bd6 18. Rfc1 Qe7 19. Qd1 Nf5 20. Nf3 Bxh2+ 21.
Kxh2 Nd6 22. Kg1 Kg7 23. a4 Nfe4 24. Qe1 h5 25. b4 axb4 26. Rxb4 Ng5 27. Ne5
Ra7 28. Rcb1 Nf5 29. R4b3 f6 30. Nd3 Ne6 31. Qd1 Kh6 32. R1b2 Nd6 33. Qb1 Rea8
34. Qc1 Nc4 35. Rb1 g5 36. Ne2 Qh7 37. Ne1 b6 38. Nc3 Qf5 39. Nf3 Nf8 40. h4
Nd7 41. e4 dxe4 42. hxg5+ Kh7 43. Nxe4 Rxa4 44. gxf6 b5 45. Nfg5+ Kg6 46. Rf3
Qd5 1-0

[Event "XVII Festival A"]
[Site "Porto San Giorgio ITA"]
[Date "2005.08.27"]
[Round "6"]
[White "Ferro, Mario"]
[Black "Roeder, Matthias"]
[Result "1/2-1/2"]
[WhiteElo "2193"]
[BlackElo "2393"]
[PlyCount "34"]
[EventDate "2005.08.22"]

1. c4 Nf6 2. Nc3 c5 3. g3 e6 4. Nf3 b6 5. Bg2 Bb7 6. O-O Be7 7. b3 O-O 8. Bb2
d6 9. d4 cxd4 10. Qxd4 Nbd7 11. e4 a6 12. Rad1 Qc7 13. Ne1 Rfd8 14. Qe3 Nc5 15.
Nd3 Ng4 16. Qe2 Nxd3 17. Rxd3 Ne5 1/2-1/2

[Event "XVII Festival A"]
[Site "Porto San Giorgio ITA"]
[Date "2005.08.27"]
[Round "6"]
[White "Horvath, Peter"]
[Black "Bellomo, Francesco"]
[Result "1-0"]
[WhiteElo "2420"]
[BlackElo "2328"]
[PlyCount "154"]
[EventDate "2005.08.22"]

1. d4 Nf6 2. c4 e6 3. Nf3 Be7 4. Nc3 d5 5. cxd5 exd5 6. Bg5 c6 7. Qc2 g6 8. e3
Bf5 9. Bd3 Bxd3 10. Qxd3 Nbd7 11. h4 O-O 12. Bxf6 Nxf6 13. O-O-O Ng4 14. Qc2 h5
15. Kb1 Bf6 16. g3 Bg7 17. Nh2 Nh6 18. Ne2 Qd7 19. Nf4 Rae8 20. Rc1 Re7 21.
Rhd1 Rfe8 22. Qc5 a6 23. Qc2 Nf5 24. Rg1 Nh6 25. Qd1 Ng4 26. Nxg4 Qxg4 27. Qxg4
hxg4 28. Rh1 Bh6 29. Nd3 Re6 30. Ne5 f5 31. Rc3 Bf8 32. Rb3 R8e7 33. Nd3 Rh7
34. Rc1 Bd6 35. Kc2 Kf8 36. Kd2 Ke8 37. Ke2 Kd8 38. Rbc3 g5 39. hxg5 Rg6 40.
Nf4 Rg8 41. Nxd5 Rxg5 42. Nf4 Bxf4 43. exf4 Rgh5 44. Rc5 Rd7 45. Ke3 Ke7 46.
Re5+ Kf6 47. Rcc5 Rd6 48. b4 b6 49. Rc1 Rh8 50. a4 Kg6 51. a5 b5 52. Re7 Kf6
53. Re5 Kg6 54. Rcc5 Rf8 55. Re7 Rfd8 56. Rc7 Rxd4 57. R5xc6+ R8d6 58. Rxd6+
Rxd6 59. Rb7 Re6+ 60. Kd4 Re2 61. Ra7 Rxf2 62. Rxa6+ Kg7 63. Rb6 Rd2+ 64. Ke5
Rd3 65. Kxf5 Rxg3 66. Rxb5 Rg1 67. a6 Ra1 68. Kxg4 Rxa6 69. Rb7+ Kg6 70. b5 Ra1
71. Rb6+ Kf7 72. Kf5 Ke7 73. Rb8 Rb1 74. b6 Kd7 75. Kf6 Rb2 76. f5 Rg2 77. b7
Rb2 1-0

[Event "XVII Festival A"]
[Site "Porto San Giorgio ITA"]
[Date "2005.08.27"]
[Round "6"]
[White "Laketic, Gojko"]
[Black "Piscopo, Pierluigi"]
[Result "1/2-1/2"]
[WhiteElo "2467"]
[BlackElo "2389"]
[PlyCount "91"]
[EventDate "2005.08.22"]

1. d4 Nf6 2. Nf3 g6 3. c4 Bg7 4. Nc3 O-O 5. e4 d6 6. Be2 e5 7. d5 a5 8. Bg5 h6
9. Bh4 Na6 10. Nd2 Qe8 11. a3 Bd7 12. b3 Nh7 13. O-O h5 14. f3 Bh6 15. Qc2 Be3+
16. Kh1 Kg7 17. Rab1 Bc5 18. Qc1 Rh8 19. Nd1 Qb8 20. f4 exf4 21. Qc3+ f6 22. b4
axb4 23. axb4 Bxb4 24. Rxb4 Nxb4 25. Qxb4 g5 26. Be1 Bg4 27. Nc3 c5 28. Qb2 Nf8
29. h4 Ng6 30. hxg5 fxg5 31. Nb5+ Ne5 32. Nf3 Bxf3 33. Rxf3 Kg6 34. Rb3 Ra6 35.
Bc3 Re8 36. Qb1 Qd8 37. Qf1 Rf8 38. Bxe5 dxe5 39. Bxh5+ Kxh5 40. Rh3+ Kg6 41.
Qf3 Rh8 42. d6 Rxd6 43. Nxd6 Rxh3+ 44. Qxh3 Qxd6 45. Qf5+ Kh6 46. Kh2 1/2-1/2

[Event "XVII Festival A"]
[Site "Porto San Giorgio ITA"]
[Date "2005.08.27"]
[Round "6"]
[White "Naumkin, Igor"]
[Black "Dragojlovic, Andjelko"]
[Result "1-0"]
[WhiteElo "2444"]
[BlackElo "2320"]
[PlyCount "83"]
[EventDate "2005.08.22"]

1. d4 Nf6 2. c4 g6 3. Nc3 d5 4. cxd5 Nxd5 5. e4 Nxc3 6. bxc3 Bg7 7. Bc4 c5 8.
Ne2 O-O 9. O-O Nc6 10. Be3 Qc7 11. Rc1 Rd8 12. Bf4 Qd7 13. d5 Na5 14. Bd3 e5
15. Bg5 Re8 16. c4 b6 17. Qd2 Nb7 18. f4 f6 19. Bh4 Nd6 20. fxe5 fxe5 21. h3
Ba6 22. Bf2 Rf8 23. Ng3 Rf4 24. Be3 Rxf1+ 25. Nxf1 Rf8 26. Nh2 Bc8 27. Nf3 Qe7
28. Bg5 Qe8 29. Rf1 Ba6 30. Qc2 h6 31. Bc1 g5 32. a4 Bc8 33. a5 Qh5 34. axb6
axb6 35. Nh2 Rxf1+ 36. Nxf1 Qf7 37. Qb1 Qa7 38. Be3 Bd7 39. Ng3 Qa3 40. Kh2
Nxc4 41. Bxc4 Qxe3 42. Qxb6 1-0

[Event "XVII Festival A"]
[Site "Porto San Giorgio ITA"]
[Date "2005.08.27"]
[Round "6"]
[White "Trent, Lawrence"]
[Black "Tomescu, Vlad"]
[Result "0-1"]
[WhiteElo "2407"]
[BlackElo "2376"]
[PlyCount "54"]
[EventDate "2005.08.22"]

1. e4 c5 2. Nf3 Nc6 3. Bb5 e6 4. O-O Nge7 5. Nc3 a6 6. Bxc6 Nxc6 7. d4 cxd4 8.
Nxd4 Be7 9. Nxc6 bxc6 10. e5 O-O 11. Ne4 c5 12. Qg4 Kh8 13. Qh5 Bb7 14. Ng5
Bxg5 15. Bxg5 f6 16. Be3 fxe5 17. Qxe5 Rf5 18. Qd6 Rd5 19. Qg3 Rc8 20. Rad1 Qf6
21. c4 Rxd1 22. Rxd1 Qxb2 23. h4 d5 24. Qd6 d4 25. Qxe6 Qe2 26. Rd2 Qe1+ 27.
Kh2 Rg8 0-1

[Event "XVII Festival A"]
[Site "Porto San Giorgio ITA"]
[Date "2005.08.27"]
[Round "6"]
[White "Trent, Stewart"]
[Black "Kohlweyer, Bernd"]
[Result "0-1"]
[WhiteElo "2119"]
[BlackElo "2423"]
[PlyCount "38"]
[EventDate "2005.08.22"]

1. e4 c5 2. Nc3 d6 3. f4 g6 4. Nf3 Bg7 5. Bc4 Nc6 6. O-O e6 7. d3 Nge7 8. Qe1
O-O 9. Qh4 d5 10. Bb3 f5 11. Kh1 fxe4 12. dxe4 c4 13. Ba4 a6 14. f5 b5 15. Bh6
Nxf5 16. Qxd8 Nxd8 17. exf5 Bxh6 18. fxg6 hxg6 19. Bxb5 axb5 0-1

[Event "XVII Festival A"]
[Site "Porto San Giorgio ITA"]
[Date "2005.08.28"]
[Round "7"]
[White "Bokros, Albert"]
[Black "Ferro, Mario"]
[Result "1-0"]
[WhiteElo "2446"]
[BlackElo "2193"]
[PlyCount "51"]
[EventDate "2005.08.22"]

1. e4 g6 2. d4 Bg7 3. Nc3 c6 4. Nf3 d5 5. h3 dxe4 6. Nxe4 Nd7 7. Bc4 Ngf6 8.
Nxf6+ Nxf6 9. O-O O-O 10. Re1 b5 11. Bb3 e6 12. c4 bxc4 13. Bxc4 Qb6 14. b3 Nd5
15. Ba3 Nb4 16. Ne5 a6 17. Qf3 Qxd4 18. Nxc6 Qf6 19. Ne7+ Qxe7 20. Qxa8 Bxa1
21. Rxa1 Qg5 22. Qa7 Rd8 23. Rf1 Qe5 24. Qb6 Qd4 25. Qa5 Nxa2 26. Bb2 1-0

[Event "XVII Festival A"]
[Site "Porto San Giorgio ITA"]
[Date "2005.08.28"]
[Round "7"]
[White "Horvath, Peter"]
[Black "Bruno, Fabio"]
[Result "1-0"]
[WhiteElo "2420"]
[BlackElo "2425"]
[PlyCount "123"]
[EventDate "2005.08.22"]

1. d4 d5 2. c4 c6 3. Nf3 Nf6 4. Nc3 e6 5. cxd5 exd5 6. Qc2 g6 7. Bg5 Be7 8. e3
Bf5 9. Bd3 Bxd3 10. Qxd3 O-O 11. Bxf6 Bxf6 12. b4 Qd6 13. Rb1 Nd7 14. O-O a6
15. Rfc1 Bg7 16. a4 Rad8 17. Qc2 Rfe8 18. Ne2 Rc8 19. Nf4 Nb6 20. Nd3 Nc4 21.
Qa2 Ra8 22. Ra1 a5 23. Nd2 Nxe3 24. fxe3 Rxe3 25. Ne5 axb4 26. Qb2 c5 27. Nf1
Rxe5 28. dxe5 Bxe5 29. Qc2 Bxa1 30. Rxa1 c4 31. Rd1 b3 32. Qc3 Qc5+ 33. Kh1
Rxa4 34. Ne3 b2 35. Ng4 d4 36. Qxb2 Rb4 37. Qc2 Kg7 38. Qd2 g5 39. h4 h5 40.
Ne5 f6 41. Nd7 c3 42. Nxc5 cxd2 43. Rxd2 Kg6 44. Ne6 Kf5 45. Nxd4+ Kg4 46. hxg5
fxg5 47. Kh2 h4 48. Nf3 Rb5 49. Rd4+ Kh5 50. Rd8 Kg4 51. Rd7 Kh5 52. Rf7 g4 53.
Nd2 Rd5 54. Ne4 Rb5 55. Rh7+ Kg6 56. Rxh4 Rh5 57. Rxh5 Kxh5 58. Kg3 b5 59. Nf6+
Kg5 60. Nxg4 b4 61. Kf3 b3 62. Nf2 1-0

[Event "XVII Festival A"]
[Site "Porto San Giorgio ITA"]
[Date "2005.08.28"]
[Round "7"]
[White "Kohlweyer, Bernd"]
[Black "Collutiis, Duilio"]
[Result "0-1"]
[WhiteElo "2423"]
[BlackElo "2386"]
[PlyCount "80"]
[EventDate "2005.08.22"]

1. d4 Nf6 2. Nf3 c5 3. d5 g6 4. Nc3 Bg7 5. e4 O-O 6. e5 Ng4 7. Nh4 d6 8. e6 Nf6
9. exf7+ Rxf7 10. Bc4 Na6 11. O-O Nc7 12. Bg5 a6 13. a4 Bd7 14. a5 Bb5 15. Qd3
Ng4 16. Bxb5 axb5 17. Nxb5 Ne5 18. Qe2 Nxd5 19. Qe4 Nf6 20. Qxb7 Rb8 21. Qc7
Qf8 22. c4 Ne4 23. a6 e6 24. a7 Rxc7 25. Nxc7 Ra8 26. Nxa8 Qxa8 27. Be3 Nxc4
28. Ra6 Nxe3 29. fxe3 Bh6 30. Re1 Nf6 31. e4 c4 32. Kf1 Bd2 33. Re2 Bb4 34. e5
dxe5 35. Rxe5 Nd5 36. Nf3 Bc5 37. Raxe6 Nc7 38. Rxc5 Nxe6 39. Ra5 Nc7 40. Nd4
Qe4 0-1

[Event "XVII Festival A"]
[Site "Porto San Giorgio ITA"]
[Date "2005.08.28"]
[Round "7"]
[White "Lazic, Miroljub"]
[Black "Csiszar, Csaba"]
[Result "1-0"]
[WhiteElo "2485"]
[BlackElo "2412"]
[PlyCount "75"]
[EventDate "2005.08.22"]

1. Nf3 Nf6 2. b3 d5 3. e3 Bg4 4. Bb2 Nbd7 5. h3 Bxf3 6. Qxf3 e6 7. g4 Bd6 8. g5
Ne4 9. h4 Be5 10. d4 Bd6 11. Bd3 f5 12. gxf6 Ndxf6 13. Qh3 O-O 14. Rg1 Nxf2 15.
Kxf2 Ne4+ 16. Ke2 Qf6 17. Qg2 Ng3+ 18. Kd1 b6 19. Nd2 Qh6 20. Nf1 Rxf1+ 21.
Bxf1 Qxe3 22. Bd3 Rf8 23. Re1 Qh6 24. Bc3 Qxh4 25. Kc1 Ba3+ 26. Kb1 Rf6 27. Rg1
Nh5 28. Qh1 Qf2 29. Rf1 Qe3 30. Rxf6 Nxf6 31. Qe1 Qf4 32. Qxe6+ Kf8 33. Qe1 a5
34. Bb2 Bb4 35. Qf1 Qg3 36. a3 Bd6 37. Bxh7 a4 38. Bd3 1-0

[Event "XVII Festival A"]
[Site "Porto San Giorgio ITA"]
[Date "2005.08.28"]
[Round "7"]
[White "Manca, Federico"]
[Black "Laketic, Gojko"]
[Result "0-1"]
[WhiteElo "2390"]
[BlackElo "2467"]
[PlyCount "120"]
[EventDate "2005.08.22"]

1. e4 d6 2. d4 Nf6 3. Nc3 e5 4. Nge2 Be7 5. f3 O-O 6. Be3 c6 7. dxe5 dxe5 8.
Qxd8 Rxd8 9. Nc1 Be6 10. Nd3 Nfd7 11. O-O-O Na6 12. Be2 Nac5 13. Nxc5 Bxc5 14.
Bxc5 Nxc5 15. Rxd8+ Rxd8 16. b4 Nd7 17. Rd1 Kf8 18. Na4 Ke7 19. Nc5 Nxc5 20.
Rxd8 Kxd8 21. bxc5 Kc7 22. Kb2 b6 23. cxb6+ axb6 24. a3 Kd6 25. Kc3 Kc5 26. Bd3
g5 27. g4 f6 28. Be2 Bf7 29. Bd3 h5 30. h3 h4 31. Be2 Be6 32. Bd3 b5 33. Be2
Ba2 34. Bd3 Be6 35. Be2 Bc8 36. Bd3 Ba6 37. Be2 Kb6 38. Kb3 Ka5 39. c3 Bc8 40.
Bd3 Be6+ 41. Kb2 Kb6 42. Kc2 Kc5 43. Kb2 Bf7 44. Kb1 Bb3 45. Kc1 Kb6 46. Be2
Ka5 47. Kb1 Kb6 48. Kb2 Ba4 49. Ka2 Kb7 50. Kb2 Kc7 51. Ka2 Kb6 52. Kb2 Ka5 53.
Ka2 c5 54. Ka1 Bb3 55. Kb2 Be6 56. Bd3 b4 57. Be2 Bf7 58. Bd3 c4 59. Bc2 bxc3+
60. Kxc3 Be8 0-1

[Event "XVII Festival A"]
[Site "Porto San Giorgio ITA"]
[Date "2005.08.28"]
[Round "7"]
[White "Ortega, Lexy"]
[Black "Vezzani, Stefano"]
[Result "1-0"]
[WhiteElo "2429"]
[BlackElo "2195"]
[PlyCount "63"]
[EventDate "2005.08.22"]

1. d4 d6 2. Nf3 Nf6 3. Nc3 Nbd7 4. e4 e5 5. Bc4 Be7 6. O-O O-O 7. Re1 c6 8. a4
h6 9. Ba2 Re8 10. h3 Qc7 11. Be3 Nf8 12. Nh4 Be6 13. d5 cxd5 14. exd5 Bd7 15.
Nb5 Bxb5 16. axb5 N6h7 17. Nf5 Bg5 18. Bb1 a6 19. b6 Qd7 20. c3 Ng6 21. Bxg5
hxg5 22. Qg4 Qd8 23. Qb4 Nh4 24. Nxd6 Re7 25. Bxh7+ Kxh7 26. Ne4 Rd7 27. c4 f5
28. Nc5 Qe7 29. Qa3 Rd6 30. Nxb7 Rd7 31. Qxe7 Rxe7 32. Na5 1-0

[Event "XVII Festival A"]
[Site "Porto San Giorgio ITA"]
[Date "2005.08.28"]
[Round "7"]
[White "Zimina, Olga"]
[Black "Aleksic, Nenad"]
[Result "1/2-1/2"]
[WhiteElo "2404"]
[BlackElo "2378"]
[PlyCount "38"]
[EventDate "2005.08.22"]

1. e4 c5 2. Nf3 d6 3. Bb5+ Bd7 4. Bxd7+ Nxd7 5. b3 Ngf6 6. Qe2 e6 7. Bb2 Be7 8.
O-O O-O 9. c4 Qc7 10. Nc3 a6 11. d4 cxd4 12. Nxd4 Rfe8 13. Kh1 Qc5 14. Rad1 Qh5
15. Rfe1 Qh4 16. Kg1 Ng4 17. Nf3 Qh5 18. h3 Ngf6 19. Ba3 Qa5 1/2-1/2

[Event "XVII Festival A"]
[Site "Porto San Giorgio ITA"]
[Date "2005.08.29"]
[Round "8"]
[White "Bruno, Fabio"]
[Black "Mrdja, Milan"]
[Result "1-0"]
[WhiteElo "2425"]
[BlackElo "2352"]
[PlyCount "43"]
[EventDate "2005.08.22"]

1. c4 g6 2. Nc3 Bg7 3. d4 c5 4. dxc5 Na6 5. Be3 Qa5 6. Rb1 Nh6 7. f3 Bxc3+ 8.
bxc3 Nf5 9. Bf2 Nxc5 10. Bd4 Nxd4 11. Qxd4 O-O 12. Rb5 Qxa2 13. Rxc5 a5 14. Rb5
Qa1+ 15. Kf2 a4 16. Qd3 d6 17. Nh3 Bd7 18. Rb1 Qa3 19. e3 Rfe8 20. Be2 Bf5 21.
e4 Be6 22. Qd4 1-0

[Event "XVII Festival A"]
[Site "Porto San Giorgio ITA"]
[Date "2005.08.29"]
[Round "8"]
[White "Ortega, Lexy"]
[Black "Roos, Michael"]
[Result "1-0"]
[WhiteElo "2429"]
[BlackElo "2371"]
[PlyCount "38"]
[EventDate "2005.08.22"]

1. d4 Nf6 2. Nf3 g6 3. Nc3 d5 4. Bf4 Bg7 5. Qd2 O-O 6. Bh6 c5 7. Bxg7 Kxg7 8.
dxc5 Qa5 9. e4 Qxc5 10. exd5 Rd8 11. Qe3 Qb4 12. O-O-O Ng4 13. Qd2 e6 14. a3
Qb6 15. h3 Nf6 16. Bc4 Na6 17. Qf4 Nb4 18. Qh4 exd5 19. Nxd5 Qc5 1-0

[Event "XVII Festival A"]
[Site "Porto San Giorgio ITA"]
[Date "2005.08.29"]
[Round "8"]
[White "Trent, Lawrence"]
[Black "Lazic, Miroljub"]
[Result "1-0"]
[WhiteElo "2407"]
[BlackElo "2485"]
[PlyCount "60"]
[EventDate "2005.08.22"]

1. e4 Nc6 2. Nc3 e5 3. Bc4 Nf6 4. d3 Bb4 5. Nge2 d5 6. exd5 Nxd5 7. O-O Nb6 8.
Bb5 O-O 9. Bxc6 bxc6 10. a3 Bd6 11. Ne4 f5 12. Nxd6 cxd6 13. f4 c5 14. Ng3 Qd7
15. Qh5 Bb7 16. fxe5 g6 17. Qe2 Rae8 18. Bh6 Rxe5 19. Qd2 Rfe8 20. d4 cxd4 21.
Qxd4 Qc6 22. Rf2 Nd5 23. Rd1 Nf6 24. h3 R8e6 25. Qxa7 Nd5 26. Rdd2 Nb6 27. Qb8+
Nc8 28. Rd3 Qb6 29. Bd2 f4 30. Rb3 Bd5 1-0

[Event "XVII Festival A"]
[Site "Porto San Giorgio ITA"]
[Date "2005.08.30"]
[Round "9"]
[White "Tomescu, Vlad"]
[Black "Bruno, Fabio"]
[Result "1-0"]
[WhiteElo "2376"]
[BlackElo "2425"]
[PlyCount "74"]
[EventDate "2005.08.22"]

1. e4 c5 2. Nf3 e6 3. d4 cxd4 4. Nxd4 Nc6 5. Nc3 Qc7 6. Be3 a6 7. Qd2 Nf6 8. f3
Ne5 9. Bd3 b5 10. O-O-O Bb7 11. Kb1 Nc4 12. Bxc4 Qxc4 13. g4 d6 14. g5 Nd7 15.
h4 b4 16. Nce2 a5 17. h5 Ne5 18. Nf4 O-O-O 19. Nd3 Be7 20. Qe2 g6 21. Nxe5 Qxe2
22. Nxe2 dxe5 23. Rxd8+ Rxd8 24. hxg6 hxg6 25. b3 Bd6 26. Rh7 Rf8 27. Nc1 f5
28. gxf6 Rxf6 29. Rh3 Kc7 30. Nd3 Kc6 31. Kc1 Rf7 32. Kd2 Ba6 33. Rg3 Rg7 34.
Rg5 Bb5 35. Nxe5+ Bxe5 36. Rxe5 Bf1 37. Rxe6+ Kd7 1-0

[Event "XVII Festival A"]
[Site "Porto San Giorgio ITA"]
[Date "2005.08.30"]
[Round "9"]
[White "Zimina, Olga"]
[Black "Mariotti, Sergio"]
[Result "1/2-1/2"]
[WhiteElo "2404"]
[BlackElo "2348"]
[PlyCount "33"]
[EventDate "2005.08.22"]

1. e4 c5 2. Nf3 g6 3. d4 cxd4 4. Nxd4 Bg7 5. c4 Nc6 6. Be3 d6 7. Nc3 Bd7 8. f3
Nf6 9. Qd2 a6 10. Be2 O-O 11. O-O Nxd4 12. Bxd4 Bc6 13. Rfd1 a5 14. b3 Nd7 15.
Be3 Nc5 16. Rac1 Qb6 17. Nd5 1/2-1/2

[Event "XLVII Festival A"]
[Site "Imperia ITA"]
[Date "2005.08.28"]
[Round "1"]
[White "Astengo, Marcello"]
[Black "Haba, Zdenek"]
[WhiteElo "2096"]
[BlackElo "2277"]
[Result "1-0"]
[PlyCount "61"]
[EventDate "2005.08.28"]

1. d4 Nf6 2. c4 c5 3. d5 b5 4. cxb5 a6 5. f3 g6 6. e4 d6 7. Nc3 Bg7 8. Bd3 O-O
9. Nge2 Nbd7 10. bxa6 Ne5 11. Bb5 c4 12. O-O Bxa6 13. Be3 Ne8 14. Nd4 Bxb5 15.
Ncxb5 Nc7 16. a4 Qd7 17. Qd2 Rfc8 18. Bh6 Bh8 19. h4 Nd3 20. Be3 Nc5 21. Qb4
N7a6 22. Qxc4 Nxe4 23. Nc6 Ng3 24. Rfb1 Nb8 25. Nxe7+ Qxe7 26. Qxc8+ Kg7 27.
Bd4+ f6 28. Re1 Qf7 29. Nxd6 Qxd5 30. Re7+ Kh6 31. Nf7+ 1-0

[Event "XLVII Festival A"]
[Site "Imperia ITA"]
[Date "2005.08.28"]
[Round "1"]
[White "Cugini, Verter"]
[Black "Zakoucka, Adela"]
[WhiteElo "2210"]
[BlackElo "2031"]
[Result "1/2-1/2"]
[PlyCount "102"]
[EventDate "2005.08.28"]

1. e4 c5 2. g3 Nc6 3. Bg2 g6 4. Ne2 Bg7 5. O-O d6 6. d3 Nf6 7. c3 d5 8. exd5
Nxd5 9. Nf4 Nxf4 10. Bxf4 O-O 11. Qe2 Bf5 12. Rd1 Qd7 13. Na3 Rad8 14. Be4 Bxe4
15. dxe4 Qc8 16. Rd5 b6 17. Rad1 Rfe8 18. Qb5 Ne5 19. Bxe5 Bxe5 20. Qa4 Bb8 21.
Rd7 Kf8 22. R1d3 Rxd7 23. Qxd7 a6 24. Nc4 Qc7 25. a4 b5 26. axb5 Qxd7 27. Rxd7
axb5 28. Nb6 Bd6 29. Rb7 Rd8 30. e5 Bxe5 31. Nd7+ Rxd7 32. Rxd7 b4 33. Rd8+ Kg7
34. cxb4 cxb4 35. b3 h5 36. Kf1 Kf6 37. Ke2 Kf5 38. Kf3 Bd6 39. Ra8 Ke5 40. Ke2
Kd4 41. Kd2 Ke4 42. Rf8 f6 43. Rg8 g5 44. Rh8 Kf3 45. Rxh5 Kxf2 46. Rh8 Kf3 47.
Ke1 Ke3 48. Rc8 g4 49. Kf1 f5 50. Kg2 Kd3 51. Rc4 Ke3 1/2-1/2

[Event "XLVII Festival A"]
[Site "Imperia ITA"]
[Date "2005.08.28"]
[Round "1"]
[White "De Marco, Walter"]
[Black "Tasic, Branislav"]
[WhiteElo "2055"]
[BlackElo "2245"]
[Result "1/2-1/2"]
[PlyCount "66"]
[EventDate "2005.08.28"]

1. Nf3 Nf6 2. b3 g6 3. Bb2 Bg7 4. d4 O-O 5. e3 d6 6. Nbd2 Nbd7 7. Qc1 c5 8. Bd3
b6 9. O-O Bb7 10. Re1 Rc8 11. Qb1 Rc7 12. c4 e6 13. Ne4 Nxe4 14. Bxe4 Nf6 15.
Bxb7 Rxb7 16. Qc2 Rd7 17. Rad1 Qa8 18. dxc5 bxc5 19. Bc3 Qd8 20. e4 Ne8 21.
Bxg7 Nxg7 22. Qd2 Qe7 23. Ne5 Rb7 24. Qxd6 Rc8 25. Qxe7 Rxe7 26. Rd2 f6 27. Ng4
Ne8 28. Red1 h5 29. Ne3 Kf7 30. f4 Nc7 31. g4 hxg4 32. Nxg4 Na6 33. Rd7 Rc7
1/2-1/2

[Event "XLVII Festival A"]
[Site "Imperia ITA"]
[Date "2005.08.28"]
[Round "1"]
[White "Ermenkov, Evgenij P."]
[Black "Arata, Roberto Mario"]
[WhiteElo "2478"]
[BlackElo "2135"]
[Result "1-0"]
[PlyCount "129"]
[EventDate "2005.08.28"]

1. e4 e5 2. Bc4 Nf6 3. d3 d6 4. Nf3 Be7 5. O-O O-O 6. Re1 c6 7. Bb3 Qc7 8. c3
Nbd7 9. d4 Re8 10. Nbd2 Nf8 11. Nf1 Ne6 12. h3 h6 13. Ng3 Nf4 14. Be3 Bf8 15.
Qd2 g5 16. Bc2 Bg7 17. Rad1 Be6 18. h4 Nh7 19. hxg5 hxg5 20. Nf5 Bf6 21. g3
Nh3+ 22. Kg2 Bxf5 23. exf5 Nf4+ 24. gxf4 gxf4 25. Bxf4 exf4 26. Qxf4 Kh8 27.
Rxe8+ Rxe8 28. Rh1 Rg8+ 29. Kf1 Qe7 30. Rh5 Rg7 31. Qe3 Kg8 32. b4 Qxe3 33.
fxe3 Nf8 34. e4 Rh7 35. Rxh7 Nxh7 36. Ke2 Ng5 37. Nh2 Bg7 38. Ng4 f6 39. Ke3
Kf8 40. c4 b6 41. e5 fxe5 42. f6 exd4+ 43. Kf4 Ne6+ 44. Kf5 Nc7 45. fxg7+ Kxg7
46. Be4 c5 47. b5 Kf7 48. a4 Ne8 49. Bc6 Ng7+ 50. Ke4 Ke6 51. Bd5+ Ke7 52. Nh6
Nh5 53. Nf5+ Kd7 54. Nh6 Ke7 55. Ng4 Ng3+ 56. Kd3 Nh5 57. Bf3 Ke6 58. Nf2 Ng3
59. Bg2 Ke5 60. Ng4+ Kf5 61. Bh3 Nh5 62. Ne3+ Kf4 63. Nd5+ Kf3 64. Bd7 Ng3 65.
Nxb6 1-0